Legislación administrativa / (Record no. 190917)
[ view plain ]
| 000 -LEADER | |
|---|---|
| campo de control de longitud fija | 01131nam a2200301 c 4500 |
| 001 - NÚMERO DE CONTROL | |
| campo de control | 190917 |
| 003 - IDENTIFICADOR DE NÚMERO DE CONTROL | |
| campo de control | ES-MaACL |
| 005 - FECHA Y HORA DE LA ÚLTIMA TRANSACCIÓN | |
| campo de control | 20250827062644.0 |
| 008 - DATOS DE LONGITUD FIJA--INFORMACIÓN GENERAL | |
| campo de control de longitud fija | 220826s2013 sp | |||| 001 0 spa |
| 017 ## - NÚMERO DE COPYRIGHT O DE DEPÓSITO LEGAL | |
| Número de copyright o de depósito legal | M 22751-2013 |
| Agencia que asigna | Oficina Depósito Legal Madrid |
| 020 ## - NÚMERO INTERNACIONAL ESTÁNDAR DEL LIBRO | |
| Número Internacional Estándar del Libro | 978-84-309-5868-9 |
| 080 ## - NÚMERO DE LA CLASIFICACIÓN DECIMAL UNIVERSAL | |
| Número de la Clasificación Decimal Universal | 342.9(460)"19/20"(094.5) |
| 080 ## - NÚMERO DE LA CLASIFICACIÓN DECIMAL UNIVERSAL | |
| Número de la Clasificación Decimal Universal | 351.95(460) "2013" |
| 110 1# - ENTRADA PRINCIPAL--NOMBRE DE ENTIDAD CORPORATIVA | |
| Nombre de entidad corporativa o nombre de jurisdicción como elemento de entrada | España |
| 9 (RLIN) | 3622 |
| 243 10 - TÍTULO UNIFORME COLECTIVO | |
| Título uniforme | <a href="Leyes, etc., de administración pública">Leyes, etc., de administración pública</a> |
| 245 10 - MENCIÓN DEL TÍTULO | |
| Título | Legislación administrativa / |
| Mención de responsabilidad, etc. | edición preparada por Jesús Leguina Villa, Carmen Chinchilla Marín, Eva Desdentado Daroca, Ximena Lazo Vitoria y Francisco Alés Moreno. |
| 250 ## - MENCION DE EDICION | |
| Mención de edición | 16ª ed. [ed. act. 2013]. |
| 260 ## - PUBLICACIÓN, DISTRIBUCIÓN, ETC. | |
| Lugar de publicación, distribución, etc. | Madrid : |
| Nombre del editor, distribuidor, etc. | Tecnos, |
| Fecha de publicación, distribución, etc. | 2013. |
| 300 ## - DESCRIPCIÓN FÍSICA | |
| Extensión | 1581 p. ; |
| Dimensiones | 21 cm. |
| 490 1# - MENCIÓN DE SERIE | |
| Mención de serie | Biblioteca de textos legales ; |
| Designación de volumen o secuencia | 192 |
| 500 ## - NOTA GENERAL | |
| Nota general | Índice. |
| 650 #7 - PUNTO DE ACCESO ADICIONAL DE MATERIA--TÉRMINO DE MATERIA | |
| Término de materia o nombre geográfico como elemento de entrada | Derecho administrativo- |
| Subdivisión geográfica | España |
| Fuente del encabezamiento o término | |
| 9 (RLIN) | 145992 |
| 700 1# - ENTRADA AGREGADA--NOMBRE PERSONAL | |
| Nombre de persona | Leguina Villa, Jesús. |
| 9 (RLIN) | 71314 |
| 830 1# - PUNTO DE ACCESO ADICIONAL DE SERIE-TÍTULO UNIFORME | |
| Título uniforme | Biblioteca de textos legales ; |
| Designación de volumen o secuencia | 192 |
| 9 (RLIN) | 177271 |
| 852 4# - LOCALIZACIÓN | |
| Ubicación | ES-MaACL |
| Número de control de estantería | A-15309 |
| itemnumber | 198106 |
| Ubicación en estantería | Depósito 1 |
| Signatura antigua | Olim: L 351.95(460) "2013" ESP |
| 942 ## - ELEMENTOS DE ENTRADA SECUNDARIOS (KOHA) | |
| Fuente del sistema de clasificación o colocación | Clasificación decimal universal |
| Estatus retirado | Estado de pérdida | Fuente del sistema de clasificación o colocación | Estado de daño | No para préstamo | Biblioteca de origen | Biblioteca actual | Ubicación en estantería | Fecha de adquisición | Total de préstamos | Signatura topográfica completa | Código de barras | Visto por última vez | Precio de reemplazo | Tipo de ítem Koha |
|---|---|---|---|---|---|---|---|---|---|---|---|---|---|---|
| Clasificación decimal universal | Biblioteca del Ateneo de Madrid | Biblioteca del Ateneo de Madrid | Depósito 1 | 26/08/2022 | A-15309 | 1203210 | 23/02/2023 | 23/02/2023 | Libro impreso |
